000 00851nam a2200241Ia 4500
003 GCL
008 140319s9999 xx 000 0 ara d
040 _aGCL /
_cGCL
082 0 4 _a956
_bع ت
100 1 _aعلى المحافظة
245 1 0 _aتاريخ الحركات الفكرية فى عصر النهضة : الحركات الفكرية فى عصر النهضة فى فلسطين والاردن /
_cعلى المحافظة
300 _a251
490 _aكتاب
_v0
650 0 4 _aالعالم العربى
650 0 4 _aتاريخ
650 0 4 _aالحضارة العربية الاسلامية - المعارف البحرية
650 0 4 _aفلسطين
650 0 4 _aالشرق الاوسط
650 0 4 _aالحركات الفكرية
650 0 4 _aالاردن
650 0 4 _aعصر النهضة (1300 - 1494)
942 _2ddc
_cBK
999 _c43222
_d43222